[Event "AUT_chT 2012/13"]
[Site "Hohenems"]
[Date "2013.03.24"]
[Round "11"]
[Board "4"]
[White "Boensch, Uwe"]
[Black "Atlas, Valery"]
[Result "0-1"]
[WhiteElo "2528"]
[BlackElo "2448"]
[PlyCount "70"]
[EventDate "2012.11.02"]
[EventType "team"]
[EventRounds "11"]
[EventCountry "AUT"]
[WhiteTeam "SK Sparkasse Jenbach"]
[BlackTeam "SK Hohenems"]

1. d4 Nf6 2. c4 c5 3. d5 e5 4. Nc3 d6 5. e4 Nbd7 6. g3 Be7 
7. Bg2 O-O 8. Nge2 a6 9. a4 b6 10. O-O Ne8 11. h3 Ra7 12. Kh2 Kh8 
13. Be3 g6 14. Qd2 Ng7 15. Bh6 Nf6 16. Rae1 Ng8 17. Be3 f5 18. f4 Bf6 
19. fxe5 Bxe5 20. Bf4 Bf6 21. exf5 g5 22. Be3 Nxf5 23. Bf2 Be5 24. Nc1 g4 
25. Rxe5 dxe5 26. h4 Nd4 27. Qe3 Re7 28. a5 Rf3 29. Bxf3 gxf3 30. Nd3 Qd7 
31. Kg1 Qh3 32. Ne1 Bg4 33. d6 Ne2+ 34. Nxe2 fxe2 35. Qd3 Qxf1+ 0-1

[Event "AUT_chT 2012/13"]
[Site "Hohenems"]
[Date "2013.03.24"]
[Round "11"]
[Board "5"]
[White "Froewis, Georg"]
[Black "Lehner, Oliver"]
[Result "1/2-1/2"]
[WhiteElo "2409"]
[BlackElo "2446"]
[PlyCount "58"]
[EventDate "2012.11.02"]
[EventType "team"]
[EventRounds "11"]
[EventCountry "AUT"]
[WhiteTeam "SK Hohenems"]
[BlackTeam "SK Sparkasse Jenbach"]

1. g3 Nf6 2. Bg2 g6 3. e4 d6 4. d4 Bg7 5. Nc3 Na6 6. Nge2 O-O 
7. O-O c6 8. h3 e5 9. Be3 exd4 10. Nxd4 Re8 11. Nb3 Qe7 12. Qd2 Nd7 
13. Rad1 Ne5 14. Qe2 f5 15. f4 Nf7 16. Bd4 fxe4 17. Qxe4 Qxe4 18. Nxe4 Bxh3 
19. Nxd6 Bxg2 20. Kxg2 Nxd6 21. Bxg7 Nf5 22. Bd4 Nb4 23. Rd2 Nd5 24. Kf2 Nxd4 
25. Nxd4 Ne3 26. Re1 Ng4+ 27. Kf1 Ne3+ 28. Kf2 Ng4+ 29. Kf1 Ne3+ 1/2-1/2

[Event "AUT_chT 2012/13"]
[Site "Hohenems"]
[Date "2013.03.24"]
[Round "11"]
[Board "6"]
[White "Stangl, Markus"]
[Black "Breder, Dennis"]
[Result "1-0"]
[WhiteElo "2437"]
[BlackElo "2442"]
[PlyCount "64"]
[EventDate "2012.11.02"]
[EventType "team"]
[EventRounds "11"]
[EventCountry "AUT"]
[WhiteTeam "SK Sparkasse Jenbach"]
[BlackTeam "SK Hohenems"]

1. c4 e6 2. g3 d5 3. Bg2 dxc4 4. Qa4+ c6 5. Qxc4 b5 6. Qc2 Bb7 
7. Nf3 Nd7 8. O-O Ngf6 9. Nc3 Rc8 10. d4 b4 11. Ne4 c5 12. Nxf6+ Nxf6 
13. Ne5 Bxg2 14. Kxg2 Nd7 15. Qa4 f6 16. Nf3 c4 17. Qxa7 Bd6 18. Qa6 Ke7 
19. e4 Qb6 20. Qa4 Ra8 21. Qc2 b3 22. Qb1 c3 23. bxc3 bxa2 24. Qc2 Qa5 
25. Re1 Rhc8 26. e5 fxe5 27. Qxh7 Kd8 28. Qg8+ Kc7 29. Qxe6 Ra6 30. Re2 exd4 
31. Rexa2 Bxg3 32. Qxa6 Nb8 1-0

[Event "AUT_chT 2012/13"]
[Site "Hohenems"]
[Date "2013.03.24"]
[Round "11"]
[Board "1"]
[White "Ragger, Markus"]
[Black "Bosiocic, Marin"]
[Result "1/2-1/2"]
[WhiteElo "2655"]
[BlackElo "2571"]
[PlyCount "77"]
[EventDate "2012.11.02"]
[EventType "team"]
[EventRounds "11"]
[EventCountry "AUT"]
[WhiteTeam "SK MPOE Maria Saal"]
[BlackTeam "ASVOE Fundermax St.Veit"]

1. Nf3 d5 2. d4 c6 3. c4 e6 4. e3 f5 5. Bd3 Nf6 6. O-O Bd6 
7. b3 Qe7 8. Bb2 O-O 9. Nc3 Nbd7 10. Rc1 Ne4 11. Ne2 Rf6 12. Ne5 Rh6 
13. f3 Nec5 14. Bb1 dxc4 15. bxc4 Nxe5 16. dxe5 Bc7 17. Rf2 Bd7 18. Nf4 g5 
19. Nd3 Nxd3 20. Qxd3 c5 21. g4 Rf8 22. Rcf1 Bc6 23. gxf5 exf5 24. Rg2 Bxe5 
25. Bxe5 Qxe5 26. Rxg5+ Rg6 27. Rxg6+ hxg6 28. f4 Qf6 29. Qe2 Kg7 30. Qf2 Qc3 
31. e4 fxe4 32. Qxc5 a6 33. Bxe4 Bxe4 34. Qe7+ Rf7 35. Qxe4 Rc7 36. f5 Qxc4 
37. Qe5+ Kh6 38. Qe3+ g5 39. Qh3+ 1/2-1/2

[Event "AUT_chT 2012/13"]
[Site "Hohenems"]
[Date "2013.03.24"]
[Round "11"]
[Board "2"]
[White "Prohaszka, Peter"]
[Black "Predojevic, Borki"]
[Result "1/2-1/2"]
[WhiteElo "2562"]
[BlackElo "2607"]
[PlyCount "68"]
[EventDate "2012.11.02"]
[EventType "team"]
[EventRounds "11"]
[EventCountry "AUT"]
[WhiteTeam "ASVOE Fundermax St.Veit"]
[BlackTeam "SK MPOE Maria Saal"]

1. Nf3 c5 2. b3 b6 3. Bb2 Bb7 4. g3 e6 5. c4 Nf6 6. Bg2 Be7 
7. O-O O-O 8. Nc3 a6 9. Re1 d6 10. e4 e5 11. d3 Nc6 12. Nd5 Nxd5 
13. exd5 Nd4 14. Nxd4 exd4 15. Bc1 Bc8 16. h4 Re8 17. Bf4 Bd7 18. Bf3 Bf8 
19. Rxe8 Qxe8 20. Bg4 f5 21. Bf3 a5 22. a4 Qf7 23. Qd2 Re8 24. Re1 Rxe1+ 
25. Qxe1 Be7 26. Qe2 Qf8 27. Bh5 Bf6 28. Bf3 Qe7 29. Qxe7 Bxe7 30. Kg2 g6 
31. Bd1 Kg7 32. Bg5 Bxg5 33. hxg5 h6 34. f4 hxg5 1/2-1/2

[Event "AUT_chT 2012/13"]
[Site "Hohenems"]
[Date "2013.03.24"]
[Round "11"]
[Board "3"]
[White "Buhmann, Rainer"]
[Black "Kuljasevic, Davorin"]
[Result "1/2-1/2"]
[WhiteElo "2593"]
[BlackElo "2564"]
[PlyCount "62"]
[EventDate "2012.11.02"]
[EventType "team"]
[EventRounds "11"]
[EventCountry "AUT"]
[WhiteTeam "SK MPOE Maria Saal"]
[BlackTeam "ASVOE Fundermax St.Veit"]

1. Nf3 Nf6 2. g3 b6 3. Bg2 Bb7 4. O-O c5 5. d3 d5 6. c4 e6 
7. cxd5 Nxd5 8. Nc3 Be7 9. Nxd5 Bxd5 10. Bd2 Nd7 11. Bc3 Bf6 12. Qa4 O-O 
13. Rfc1 Rc8 14. a3 Bc6 15. Qd1 a5 16. Nd2 Bxg2 17. Kxg2 Qc7 18. Qa4 Qb7+ 
19. Qe4 Qd5 20. Nc4 Bxc3 21. bxc3 f5 22. Qxd5 exd5 23. Ne3 Rce8 24. Re1 Nf6 
25. Rab1 Re6 26. Nxf5 Ng4 27. e4 g6 28. Ne3 Nxf2 29. Nxd5 Nxd3 30. Re2 Rb8 
31. a4 c4 1/2-1/2

[Event "AUT_chT 2012/13"]
[Site "Hohenems"]
[Date "2013.03.24"]
[Round "11"]
[Board "4"]
[White "Rogic, Davor"]
[Black "Pavasovic, Dusko"]
[Result "1/2-1/2"]
[WhiteElo "2572"]
[BlackElo "2557"]
[PlyCount "68"]
[EventDate "2012.11.02"]
[EventType "team"]
[EventRounds "11"]
[EventCountry "AUT"]
[WhiteTeam "ASVOE Fundermax St.Veit"]
[BlackTeam "SK MPOE Maria Saal"]

1. e4 e5 2. Nf3 Nf6 3. Nxe5 d6 4. Nf3 Nxe4 5. d4 d5 6. Bd3 Nc6 
7. O-O Be7 8. Nc3 Bf5 9. Re1 Nxc3 10. bxc3 Bxd3 11. Qxd3 O-O 12. Rb1 Na5 
13. Bf4 c6 14. Re2 Bf6 15. Rbe1 Nc4 16. h3 Qd7 17. Bg5 Nb2 18. Qe3 Nc4 
19. Qf4 Bxg5 20. Nxg5 Rae8 21. Rxe8 Rxe8 22. Rxe8+ Qxe8 23. Qc7 Nd2 24. Nf3 Nxf3+ 
25. gxf3 Qa8 26. a4 a5 27. Qb6 h5 28. Kg2 g6 29. Kg3 Kg7 30. Kg2 h4 
31. Kg1 Qc8 32. Kg2 Qa8 33. Kg1 Qc8 34. Kg2 Qa8 1/2-1/2

[Event "AUT_chT 2012/13"]
[Site "Hohenems"]
[Date "2013.03.24"]
[Round "11"]
[Board "5"]
[White "Tratar, Marko"]
[Black "Hoelzl, Franz"]
[Result "1-0"]
[WhiteElo "2512"]
[BlackElo "2334"]
[PlyCount "47"]
[EventDate "2012.11.02"]
[EventType "team"]
[EventRounds "11"]
[EventCountry "AUT"]
[WhiteTeam "SK MPOE Maria Saal"]
[BlackTeam "ASVOE Fundermax St.Veit"]

1. d4 Nf6 2. Nf3 c5 3. d5 g6 4. c4 Bg7 5. Nc3 O-O 6. Bf4 Nh5 
7. Bg5 d6 8. e4 h6 9. Be3 Qa5 10. Qd2 Kh7 11. h3 a6 12. g4 Nf6 
13. g5 hxg5 14. Nxg5+ Kg8 15. Be2 Nbd7 16. f4 b5 17. h4 Nb6 18. h5 Nxc4 
19. Bxc4 bxc4 20. h6 Bh8 21. h7+ Kg7 22. f5 Rd8 23. Qg2 Rb8 24. Nxf7 1-0

[Event "AUT_chT 2012/13"]
[Site "Hohenems"]
[Date "2013.03.24"]
[Round "11"]
[Board "1"]
[White "Antoniewski, Rafal"]
[Black "Polak, Thomas"]
[Result "1/2-1/2"]
[WhiteElo "2557"]
[BlackElo "2520"]
[PlyCount "89"]
[EventDate "2012.11.02"]
[EventType "team"]
[EventRounds "11"]
[EventCountry "AUT"]
[WhiteTeam "ASVOE Wulkaprodersdorf"]
[BlackTeam "SK Zwettl"]

1. e4 e5 2. Nf3 Nf6 3. Nc3 Nc6 4. d4 exd4 5. Nxd4 Bb4 6. Nxc6 bxc6 
7. Bd3 d5 8. exd5 cxd5 9. O-O O-O 10. h3 c6 11. Qf3 h6 12. Bf4 Re8 
13. Rad1 Bd6 14. Rfe1 Rxe1+ 15. Rxe1 Be6 16. Ne2 Bxf4 17. Nxf4 Bd7 18. c3 Qb6 
19. Re2 Re8 20. Rxe8+ Bxe8 21. b4 d4 22. Nh5 Nxh5 23. Qxh5 dxc3 24. Qe5 Qd8 
25. Qxc3 Qd6 26. a3 Bd7 27. Be2 Be6 28. Qe3 Qc7 29. Bd3 a5 30. Qd4 axb4 
31. axb4 Qe7 32. Be4 Bd7 33. Bf3 Kf8 34. h4 f6 35. g3 Be8 36. Kg2 Bd7 
37. Qb6 Be8 38. Qb8 Kf7 39. h5 Qe5 40. Qb7+ Qe7 41. Qb8 Qe5 42. Qd8 Qe7 
43. Qd4 Kf8 44. Qb6 Kf7 45. Qb8 1/2-1/2

[Event "AUT_chT 2012/13"]
[Site "Hohenems"]
[Date "2013.03.24"]
[Round "11"]
[Board "2"]
[White "Bernasek, Jan"]
[Black "Polzin, Rainer"]
[Result "1/2-1/2"]
[WhiteElo "2506"]
[BlackElo "2465"]
[PlyCount "45"]
[EventDate "2012.11.02"]
[EventType "team"]
[EventRounds "11"]
[EventCountry "AUT"]
[WhiteTeam "SK Zwettl"]
[BlackTeam "ASVOE Wulkaprodersdorf"]

1. d4 Nf6 2. c4 g6 3. Nc3 Bg7 4. e4 d6 5. h3 O-O 6. Bg5 Na6 
7. Nf3 Qe8 8. g4 c6 9. Be2 Nc7 10. Be3 b5 11. e5 dxe5 12. dxe5 Nd7 
13. cxb5 cxb5 14. Nxb5 Ne6 15. O-O Bb7 16. Qb3 Bxf3 17. Bxf3 Nxe5 18. Bxa8 Qxa8 
19. Rfd1 Nf3+ 20. Kf1 Nh2+ 21. Kg1 Nf3+ 22. Kf1 Nh2+ 23. Kg1 1/2-1/2

[Event "AUT_chT 2012/13"]
[Site "Hohenems"]
[Date "2013.03.24"]
[Round "11"]
[Board "3"]
[White "Schneider, Ilja"]
[Black "Blatny, Pavel"]
[Result "1/2-1/2"]
[WhiteElo "2492"]
[BlackElo "2420"]
[PlyCount "101"]
[EventDate "2012.11.02"]
[EventType "team"]
[EventRounds "11"]
[EventCountry "AUT"]
[WhiteTeam "ASVOE Wulkaprodersdorf"]
[BlackTeam "SK Zwettl"]

1. d4 d5 2. c4 e6 3. Nf3 c6 4. e3 Bd6 5. Bd3 f5 6. b3 Qf6 
7. Ba3 Bxa3 8. Nxa3 Nd7 9. O-O Ne7 10. b4 g5 11. b5 h5 12. bxc6 bxc6 
13. cxd5 exd5 14. Qe1 g4 15. Nd2 h4 16. Nb3 Qh6 17. Rc1 Nf6 18. Rc2 g3 
19. h3 Ne4 20. f4 Nf2 21. Nc5 O-O 22. Qa5 Qd6 23. Be2 Kg7 24. Nb1 Ng6 
25. Nd3 Nxd3 26. Bxd3 Bd7 27. Re2 Ne7 28. Nd2 Be8 29. Ree1 Bh5 30. Be2 Kh6 
31. Bxh5 Kxh5 32. Nf3 Rfb8 33. Rb1 Rxb1 34. Rxb1 Rb8 35. Rb3 Rxb3 36. axb3 Qb8 
37. Qa3 Ng6 38. Kh1 Kh6 39. b4 Qb5 40. Qxa7 Qf1+ 41. Ng1 Qc1 42. Qd7 Qxe3 
43. Qxc6 Qe4 44. b5 Kh5 45. Qc3 Qb1 46. Qf3+ Kh6 47. Qxd5 Nxf4 48. Qd6+ Kg5 
49. Qe7+ Kg6 50. Qe8+ Kg5 51. Qe7+ 1/2-1/2

[Event "AUT_chT 2012/13"]
[Site "Hohenems"]
[Date "2013.03.24"]
[Round "11"]
[Board "5"]
[White "Thiede, Lars"]
[Black "Vyskocil, Neklan"]
[Result "0-1"]
[WhiteElo "2441"]
[BlackElo "2381"]
[PlyCount "84"]
[EventDate "2012.11.02"]
[EventType "team"]
[EventRounds "11"]
[EventCountry "AUT"]
[WhiteTeam "ASVOE Wulkaprodersdorf"]
[BlackTeam "SK Zwettl"]

1. c4 Nf6 2. g3 d5 3. cxd5 Qxd5 4. Nf3 e5 5. Nc3 Qa5 6. Bg2 Nc6 
7. O-O Bd6 8. d3 O-O 9. Bd2 Qb6 10. Rb1 Nd4 11. b4 c6 12. Bg5 Bg4 
13. Nxd4 exd4 14. Bxf6 gxf6 15. Ne4 Be7 16. Qd2 Kg7 17. h3 Be6 18. g4 f5 
19. Ng3 fxg4 20. hxg4 Qb5 21. Qf4 Rad8 22. Be4 Bg5 23. Qf3 Rh8 24. Kg2 Kf8 
25. Rh1 h6 26. a4 Qxa4 27. Ra1 Qxb4 28. Rhb1 Qd2 29. Rxb7 Qf4 30. Bxc6 Bxg4 
31. Qxf4 Bxf4 32. Raxa7 Rh7 33. Bf3 Bxf3+ 34. Kxf3 Bxg3 35. Kxg3 Re8 36. Kf3 Re6 
37. Rd7 Rf6+ 38. Kg2 Rg6+ 39. Kf1 h5 40. Rxd4 h4 41. Raa4 h3 42. Rg4 Rxg4 
0-1

[Event "AUT_chT 2012/13"]
[Site "Hohenems"]
[Date "2013.03.24"]
[Round "11"]
[Board "6"]
[White "Buchnicek, Petr"]
[Black "Volkmann, Friedrich Karl"]
[Result "1/2-1/2"]
[WhiteElo "2352"]
[BlackElo "2416"]
[PlyCount "87"]
[EventDate "2012.11.02"]
[EventType "team"]
[EventRounds "11"]
[EventCountry "AUT"]
[WhiteTeam "SK Zwettl"]
[BlackTeam "ASVOE Wulkaprodersdorf"]

1. e4 e5 2. Nf3 Nf6 3. Nxe5 Nxe4 4. Qe2 Qe7 5. Qxe4 d6 6. d4 dxe5 
7. dxe5 Nc6 8. Nc3 Qxe5 9. Qxe5+ Nxe5 10. Bf4 f6 11. O-O-O Bd7 12. Nb5 Bxb5 
13. Bxb5+ c6 14. Ba4 Bc5 15. Rhe1 Rd8 16. Bxe5 Rxd1+ 17. Kxd1 fxe5 18. Rxe5+ Be7 
19. c3 Rf8 20. Ke2 Kd7 21. Bc2 h6 22. g3 Bf6 23. Ra5 Re8+ 24. Kd2 a6 
25. f4 Kd6 26. Bg6 Re6 27. Bf5 Re8 28. Bg6 Re6 29. Bf5 Re8 30. Bg4 Bd8 
31. Rf5 Bf6 32. Ra5 Bd8 33. Ra3 Bb6 34. Rb3 Be3+ 35. Kc2 Kc7 36. c4 Bg1 
37. h3 Re3 38. Rxe3 Bxe3 39. Bf3 Bf2 40. g4 Bg3 41. f5 a5 42. Kd3 Kd6 
43. Ke4 Bh4 44. b3 1/2-1/2

[Event "AUT_chT 2012/13"]
[Site "Hohenems"]
[Date "2013.03.24"]
[Round "11"]
[Board "4"]
[White "Farago, Ivan"]
[Black "Mihok, Oliver"]
[Result "1/2-1/2"]
[WhiteElo "2472"]
[BlackElo "2442"]
[PlyCount "131"]
[EventDate "2012.11.02"]
[EventType "team"]
[EventRounds "11"]
[EventCountry "AUT"]
[WhiteTeam "SK Sparkasse Fuerstenfeld"]
[BlackTeam "SK Husek Wien"]

1. d4 d5 2. c4 c6 3. Nf3 Nf6 4. Nc3 e6 5. Bg5 dxc4 6. a4 Bb4 
7. e4 c5 8. Bxc4 cxd4 9. Bb5+ Nc6 10. Nxd4 Bd7 11. Nxc6 bxc6 12. Bc4 h6 
13. Bh4 Qa5 14. Qc2 Nxe4 15. Qxe4 Bxc3+ 16. bxc3 Qxc3+ 17. Ke2 f5 18. Qd3 Qxd3+ 
19. Bxd3 g5 20. Bg3 f4 21. h4 fxg3 22. hxg5 h5 23. fxg3 Ke7 24. g6 Rab8 
25. Rab1 Rxb1 26. Rxb1 a5 27. Rb7 Rd8 28. Ra7 Kf6 29. Rxa5 Be8 30. Rc5 Bxg6 
31. Bxg6 Kxg6 32. Rxc6 Kf5 33. Rc3 Ra8 34. Ra3 Ra5 35. Kd3 e5 36. Kc4 Ke4 
37. Kb4 Ra8 38. Kc3 Ra5 39. Kd2 Kd4 40. Ke2 Ke4 41. Ra2 Kd4 42. Ra1 Ke4 
43. Ra3 Kd4 44. Kf3 e4+ 45. Ke2 Kc4 46. Ke3 Kd5 47. Kf4 Kd4 48. Re3 Re5 
49. Re1 Re8 50. Rd1+ Kc4 51. Ke3 Rg8 52. Rd4+ Kc5 53. Rxe4 Rxg3+ 54. Kf2 Ra3 
55. Kg1 Kd5 56. Rh4 Ke6 57. Kh2 Kf6 58. Rb4 Kg5 59. Rb5+ Kg4 60. Ra5 Ra2 
61. Ra8 Ra3 62. a5 Kg5 63. a6 Kg6 64. g3 Ra2+ 65. Kh3 Kh6 66. a7 1/2-1/2

[Event "AUT_chT 2012/13"]
[Site "Hohenems"]
[Date "2013.03.24"]
[Round "11"]
[Board "5"]
[White "Wallner, Joachim"]
[Black "Kuba, Guenter"]
[Result "1/2-1/2"]
[WhiteElo "2378"]
[BlackElo "2387"]
[PlyCount "110"]
[EventDate "2012.11.02"]
[EventType "team"]
[EventRounds "11"]
[EventCountry "AUT"]
[WhiteTeam "SK Husek Wien"]
[BlackTeam "SK Sparkasse Fuerstenfeld"]

1. e4 e5 2. Nf3 Nc6 3. Bb5 a6 4. Ba4 Nf6 5. O-O Be7 6. Bxc6 dxc6 
7. d3 Nd7 8. Nbd2 O-O 9. Nc4 f6 10. Nh4 Nc5 11. Nf5 Bxf5 12. exf5 Qd5 
13. Qg4 Rad8 14. Re1 Rfe8 15. Nd2 Qf7 16. Ne4 Rd7 17. Bd2 Nxe4 18. Rxe4 Bc5 
19. b3 Rd4 20. Rae1 Red8 21. Kf1 Rxe4 22. Rxe4 Rd4 23. Rxd4 exd4 24. Qe4 Qd7 
25. h4 Kf8 26. h5 h6 27. Bf4 Be7 28. g4 Ke8 29. Bc1 Kd8 30. Bb2 Bc5 
31. f4 Qd5 32. Ke2 Kd7 33. Kf3 Kd8 34. g5 Kd7 35. Kg4 Kd8 36. a3 a5 
37. Bc1 b6 38. Bb2 Kd7 39. b4 axb4 40. axb4 Bxb4 41. Qxd4 Qxd4 42. Bxd4 Be7 
43. Kf3 c5 44. Bb2 c6 45. Ke4 Kc7 46. g6 Kb7 47. Ba3 b5 48. c3 b4 
49. cxb4 cxb4 50. Bb2 Kb6 51. d4 Kb5 52. Kd3 Bd8 53. Ba1 c5 54. dxc5 Kxc5 
55. Bd4+ Kd5 1/2-1/2